000 02025nam a2200301Ia 4500
999 _c55002
_d55002
001 22073
003 GE_BSU
005 20221017120040.0
008 181216s ||||ge |||||||||||||| ||geo||
020 _a9789941182372
040 _cGE_BSU
041 _ageo
080 _a81-116.3/4 +316.277.5 ს-42
100 _aსერიო, პატრიკ
_915332
245 _aსტრუქტურა და მთლიანობა სტრუქტურალიზმის ინტელექტუალური საფუძვლები ცენტრალურ და აღმოსავლეთ ევროპაში 1920-30-იანი წლები :
_bტ. 8 /
_cპატრიკ სერიო ; თარგმნა, წინასიტყვაობა და შენიშვნები დაურთო თინათინ ბოლქვაძემ ; სერიის რედ. გიგა ზედანია.
264 _aთბილისი :
_bილიას სახელმწ. უნ-ტი,
_c2015.
300 _aXVII, 341 გვ. :
_bფოტ. ;
_c20 სმ.
490 _aმოდერნულობის ისტორია და თეორია, 1987-9407
504 _aბიბლიოგრაფია გვ. : 316-335
541 _h3ლ.90თ.
653 _aკულტურის სოციოლოგია
653 _aლინგვისტიკა
653 _aლინგვისტური სტრუქტურალიზმი. სტრუქტურალიზმი
653 _aსტრუქტურა და მთლიანობა
653 _a სტრუქტურალიზმის ინტელექტუალური საფუძვლები ცენტრალურ და აღმოსავლეთ ევროპაში
700 _aზედანია, გიგა
_eრედაქტორი
_914217
942 _cBK
_2udc